000 00765nam a2200253 a 4500
001 71813
003 BD-RjUL
005 20211209082150.0
008 170508s1966 nyua 001 0 eng d
035 _a(BD-RjUL)72029
040 _aDLC
_cDLC
_dBD-RjUL
_beng
041 _aeng
082 _223
_a502.825
_bHAI 1966
100 1 _aHall, Cecil E.
_9200944
245 1 0 _aIntroduction to electron microscopy /
_cCecil E. Hall
250 _a2nd ed.
260 _aNew York :
_bMcGraw-Hill,
_c1966
300 _aix, 397 p. :
_bill. ;
_c24 cm.
490 _aInternational series in pure and applied physics
500 _aInclude Index.
650 0 _aElectron Microscopy
_9157380
830 _aInternational series in pure and applied physics
_9154746
942 _2ddc
_cBK
999 _c71813
_d71813